00418nam a2200145Ia 4500003000900000008004100009040001600050080001700066100001500083245006800098260004400166300001600210650002500226650002100251IN-BaIIA211028s9999 xx 000 0 eng d cIIA Library a621.391bBEL aBell, D. A 0aInformation theory and Its engineering applicationscD. A. Bell aLondonbSir Isaac Pitman and Sonsc1953 aviii, 138p. a Information Theory aNASA Thesaurus